| 000 | 01078nam a2200289 i 4500 | ||
|---|---|---|---|
| 001 | bg | ||
| 245 | 0 | 0 |
_aLimnological and engineering analysis a polluted urban lake : _bprelude to environmental management of Onondaga Lake, New York / _ced. Steven W. Effler. |
| 260 |
_aNew York [etc.] : _bSpringer, _c1996. |
||
| 300 |
_aXXII, 832 s. : _bfot., mapy, rys., wykr. ; _c26 cm. |
||
| 490 | 1 | _aSpringer Series on Environmental Management | |
| 504 | _aBibliogr., summ. przy rozdz. - Indeks. | ||
| 650 | 9 |
_aWoda _xhigiena _xbadanie |
|
| 650 | 9 |
_aŚcieki _xbadanie |
|
| 650 | 9 |
_aPrzemysł _xhigiena |
|
| 650 | 9 |
_aHydrologia _xzagadnienia |
|
| 650 | 9 |
_aŚrodowisko człowieka _xhigiena i ochrona _zStany Zjednoczone |
|
| 651 | 9 |
_aNowy Jork (Stany Zjednoczone, okręg) _xhigiena _xbadanie |
|
| 700 | 1 |
_aEFFLER, Steven W. _eRed. |
|
| 830 | _aSpringer Series on Environmental Management | ||
| 020 | _a0387943838 | ||
| 040 | _cBPK | ||
| 041 | 0 |
_aen _ben |
|
| 080 | _a504.4.054:628.1/.5](73) | ||
| 920 | _a0-387-94383-8 | ||
| 942 | _cKS | ||
| 008 | s pl f |000 0 pol | ||
| 999 |
_c32977 _d32977 |
||
| 856 |
_uhttp://koha.tu.koszalin.pl/cgi-bin/koha/opac-detail.pl?biblionumber=32977 _yKatalog online BPK |
||